000 00505nam a2200181Ia 4500
003 GCL
008 140319s9999 xx 000 0 eng d
040 _aGCL /
_cGCL
082 0 4 _a005.43
_bG U
100 1 _aGROTTOLA, MICHAEL G.
245 1 0 _aTHE UNIX AUDIT: USING UNIX TO AUDIT UNIX /
_cGROTTOLA, MICHAEL G.
260 _a[S.N] :
_bMC GRAW - HILL ،
_c1993
300 _a174 P
650 0 4 _aELECTRONIC DATA PROCESSING
650 0 4 _aUNIX
650 0 4 _aOPERATINGS SYSTEMS COMPUTERS
942 _2ddc
_cBK
999 _c21081
_d21081